000 00413nam a2200157 i 4500
001 61355
003 ES-MaACL
005 20230906164435.0
007 t|
008 031111s1972 sp ||||1| baq d
245 0 0 _aEuskal literatura 72 /
_c[G. Aresti...(et al.)].
260 _a[Donostia] :
_bSur,
_c[1972]
300 _a251 p. ;
_c19 cm.
700 1 _aAresti, G.
_922644
852 _aES-MaACL
_jC-50052
_bR.84422
999 _c61355
_d61355